=LDR 00000nam 2200000 4500 =001 INLIS000000000060146 =005 20220110104209 =035 ##$$a 0010-0122000082 =007 ta =008 220110###########################0#ind## =020 ##$$a tidak Teridentifikasi =082 ##$$a R.351.72 =084 ##$$a R.351.72 Ind p =245 ##$$a Peraturan Menteri Dalam Negeri No. 5 Th 1997 Ttg Tuntutan Perbendaharaan dan Tuntutan Ganti Rugi Keuangan dan Barang Daerah /$c Indonesia =300 ##$$a 182 halaman ; $c 21 cm =650 #4$$a Utang dan Piutang Negara - Undang2 dan Peraturan =264 ##$$a Jakarta :$b Depdagri RI,$c 1997 =336 ##$$a teks$2 rdacontent =337 ##$$a lain-lain$2 rdamedia =338 ##$$a lain-lain$2 rdacarrier =990 ##$$a 01060106 =990 ##$$a 01060106 =990 ##$$a 01060106